000 00822nas a2200277 4500
001 BR0101479
003 BR-BrBNA
005 20231205102138.0
007 ta
008 230509b bl.|||p| |||| 00| 00por d
040 _aBR-BrBNA
_bpor
_cBiblioteca Nacional de Agricultura
041 _a(Pt)
072 _aJ11
100 1 _aLombardi, S.R.B.
100 1 _aMoraes, D.M. de
100 1 _aCamelatto, D.
245 1 _aAvaliacao do crescimento e da maturacao pos-colheita de peras da cultivar Shinsseiki
650 _aPera
650 _aMaturacao
650 _aPos-Colheita
650 _aEtileno
650 _aCrescimento
773 0 _tPesquisa Agropecuaria Brasileira (Brazil)
_xISSN 0100-204X
_g(Dec 2000), v. 35(12) p. 2399-2405
_wBR0101479
909 _a202311
_bLúcia
_c55
_dLúcia Elande
942 _2AGRIS
_n0
_cANA
999 _c165983
_d165983